000 00302cam a22000977a 4500
008 180718b1980 xxu||||| |||| 00| 0 eng d
082 _aK85x5451 T152/1977
245 _aContributory provident fund rules ( TamilNadu)
260 _aKarnataka
_bThe Director of Stationery and Printing
_c1980
300 _a71+p.
999 _c500167
_d500167